An intimate knowledge of the night /

Bibliographic Details
Main Author: Dowling, Terry
Format: Book
Language:English
Published: North Adelaide, S. Aust. : Aphelion Publications, 1995.
Subjects:

MARC

Tag First Indicator Second Indicator Subfields
LEADER 00000cam a2200000 a 4500
001 in00001249913
005 20151003081605.0
008 961108s1995 at a 000 1 eng d
020 |a 1875346155 
035 |a (OCoLC)35868660 
035 |9 AGU4636AM 
040 |a NYP  |c NYP  |d TXA  |d UtOrBLW 
049 |a TXAM 
090 |a PR9619.3.D674  |b I58 1995 
100 1 |a Dowling, Terry. 
245 1 3 |a An intimate knowledge of the night /  |c Terry Dowling. 
264 1 |a North Adelaide, S. Aust. :  |b Aphelion Publications,  |c 1995. 
300 |a 284 pages :  |b illustrations ;  |c 20 cm. 
336 |a text  |b txt  |2 rdacontent 
337 |a unmediated  |b n  |2 rdamedia 
338 |a volume  |b nc  |2 rdacarrier 
650 0 |a Science fiction, Australian. 
650 0 |a Fantasy fiction, Australian. 
650 0 |a Horror tales, Australian. 
650 0 |a Detective and mystery stories, Australian. 
999 |a MARS 
999 f f |s f63bc850-84d0-3c63-aa6d-5b2bf21f51da  |i be5ffc9a-2723-318e-94f5-991fd5e76330  |t 0 
952 f f |p ric  |a Texas A&M University  |b Rellis Campus  |c Joint Library Facility  |d Remote Storage  |t 0  |e PR9619.3.D674 I58 1995  |h Library of Congress classification  |i unmediated -- volume  |m A14820836779 
998 f f |a PR9619.3.D674 I58 1995  |t 0  |l Remote Storage